000 00483nam a2200181Ia 4500
008 090124s9999 xx 000 0 und d
082 _b127852
100 _aगोगटे शकुंतला
245 _a सार्थक
250 _a1
260 _c1970
300 _a120
600 _aगोगटे शकुंतला
630 _a सार्थक
700 _aगोगटे शकुंतला
730 _a सार्थक
942 _cBOOK
999 _c173941
_d173941